Greatness in music
Αποθηκεύτηκε σε:
| Κύριος συγγραφέας: | |
|---|---|
| Μορφή: | Βιβλίο |
| Γλώσσα: | English |
| Δημοσίευση: |
New York :
Da Capo Press,
1976, c1941
|
| Σειρά: | A Da Capo paperback
|
| Θέματα: | |
| Ετικέτες: |
Προσθήκη ετικέτας
Δεν υπάρχουν, Καταχωρήστε ετικέτα πρώτοι!
|
MARC
| LEADER | 00000cam a2200000 i 4500 | ||
|---|---|---|---|
| 001 | 1/34369 | ||
| 008 | 950821r19761941 eng d | ||
| 020 | |a 0306800462 | ||
| 035 | |l 10024104 | ||
| 040 | |a GR-MY-UA |b gre |e aacr | ||
| 041 | 0 | |a eng | |
| 082 | 0 | |a 780.1 | |
| 100 | 1 | |a Einstein, Albert, |d 1879-1955. | |
| 245 | 1 | 0 | |a Greatness in music / |c by Alfred Einstein ; translated by Cesar Saerchinger |
| 260 | |a New York : |b Da Capo Press, |c 1976, c1941 | ||
| 300 | |a vii, 287 p.; |c 22 cm | ||
| 490 | 1 | |a A Da Capo paperback | |
| 500 | |a Translation of Grosse in der Musik | ||
| 500 | |a Reprint of the 1941 ed. published by Oxford University Press, New York | ||
| 650 | 0 | 0 | |a Music |x Philosophy and aesthetics. |
| 650 | 0 | 0 | |a Genius. |
| 852 | |a INST |b CHIOS |e 19950821 |h 780.1 EIN |p 005200001150 |q 005200001150 |t BK |y 0 | ||
| 909 | |a Χ |b 016362 | ||